[Event "Las Vegas National op (Women)"]
[Site "Las Vegas"]
[Date "2018.06.20"]
[Round "2"]
[White "Ramya, Krishna Inapuri"]
[Black "Morris Suzuki, Sophie"]
[Result "1-0"]
[WhiteElo "2117"]
[BlackElo "1982"]
[PlyCount "35"]
[EventDate "2018.06.20"]
[EventType "swiss"]
[EventRounds "5"]
[EventCountry "USA"]
[SourceTitle "EXT 2019"]
[Source "ChessBase"]
[SourceDate "2018.10.10"]
[SourceVersion "1"]
[SourceVersionDate "2018.10.10"]
[SourceQuality "1"]

1. g3 d5 2. Bg2 c5 3. Nf3 Nc6 4. d4 e6 5. 0-0 Nf6 6. b3 Be7 7. Bb2 0-0 8. Nbd2 b6 9. c4 cxd4 10. Nxd4 Bb7 11. e3 Rc8 12. Rc1 Na5 13. cxd5 exd5 14. Bh3 Rxc1 15. Qxc1 Bc8 16. Nf5 Ne4 17. Nxe4 dxe4 18. Qxc8 1-0

[Event "North American op 27th"]
[Site "Las Vegas"]
[Date "2017.12.28"]
[Round "5"]
[White "Ramya, Krishna Inapuri"]
[Black "Wang, Kevin"]
[Result "0-1"]
[WhiteElo "2143"]
[BlackElo "2027"]
[PlyCount "84"]
[EventDate "2017.12.26"]
[EventType "swiss"]
[EventRounds "9"]
[EventCountry "USA"]
[SourceTitle "CBM 182 Extra"]
[Source "ChessBase"]
[SourceDate "2018.02.23"]
[SourceVersion "1"]
[SourceVersionDate "2018.02.23"]
[SourceQuality "1"]

1. g3 Nf6 2. Bg2 g6 3. e4 d6 4. Ne2 Bg7 5. d4 0-0 6. 0-0 c6 7. h3 Nbd7 8. Be3 Qc7 9. Qd2 e5 10. f4 exd4 11. Bxd4 Re8 12. Nbc3 b5 13. a3 Bb7 14. Rad1 a6 15. Bf2 Nb6 16. b3 Rad8 17. g4 c5 18. Ng3 b4 19. Nd5 Nfxd5 20. exd5 bxa3 21. c4 a5 22. Qa2 a4 23. Qxa3 axb3 24. Qxb3 Ba6 25. Rc1 Rb8 26. Qd3 Na4 27. Qa3 Qd7 28. Rc2 Ra8 29. Ne4 Nb2 30. Qf3 Bxc4 31. Bh4 Rxe4 32. Qxe4 Bd3 33. Qf3 Bxc2 34. f5 Bd4+ 35. Kh1 gxf5 36. gxf5 f6 37. Qf4 Re8 38. Rf3 Kh8 39. Qh6 Qg7 40. Qh5 Rg8 41. Rg3 Qe7 42. Ra3 Be4 0-1

[Event "Las Vegas National op (Women)"]
[Site "Las Vegas"]
[Date "2017.06.15"]
[Round "4"]
[White "Eswaran, Ashritha"]
[Black "Ramya, Krishna Inapuri"]
[Result "0-1"]
[WhiteElo "2086"]
[BlackElo "2152"]
[PlyCount "120"]
[EventDate "2017.06.14"]
[EventType "swiss"]
[EventRounds "5"]
[EventCountry "USA"]
[SourceTitle "CBM 178 Extra"]
[Source "ChessBase"]
[SourceDate "2017.06.22"]
[SourceVersion "1"]
[SourceVersionDate "2017.06.22"]
[SourceQuality "1"]

1. e4 d5 2. exd5 Qxd5 3. Nc3 Qd6 4. d4 a6 5. Nf3 Nf6 6. g3 g6 7. Bg2 Bg7 8. 0-0 0-0 9. Bf4 Qd8 10. Qd2 Nbd7 11. Rfe1 Nb6 12. b3 c6 13. Ne5 Bf5 14. Rad1 a5 15. h3 Nfd5 16. Nxd5 Nxd5 17. c4 Nxf4 18. Qxf4 a4 19. Qe3 axb3 20. Qxb3 Qc7 21. g4 Be6 22. f4 Bh6 23. g5 Bg7 24. h4 Bf5 25. Rd2 Ra5 26. Bh3 Qc8 27. Bxf5 Qxf5 28. Qg3 Rfa8 29. Qh2 Ra3 30. Rf2 Rh3 31. Qg2 Rxh4 32. Qe4 Qe6 33. Nf3 Rg4+ 34. Kh2 Qf5 35. Qxf5 gxf5 36. Rxe7 Rxf4 37. Kg3 Rg4+ 38. Kh3 Bxd4 39. Nxd4 Rxd4 40. Rxf5 Ra3+ 41. Kg2 Rxa2+ 42. Kf3 Rd3+ 43. Ke4 Re2+ 44. Kxd3 Rxe7 45. Kd4 Kg7 46. Rf6 Re6 47. Rf4 Re1 48. Rg4 Kg6 49. Rg2 Rf1 50. Rb2 Kxg5 51. Rxb7 h5 52. Kc5 Rf6 53. Rb8 h4 54. Rg8+ Rg6 55. Rh8 Kg4 56. Rh7 f5 57. Rh8 h3 58. Rh7 Kg3 59. Rh5 h2 60. Rh7 Kg2 0-1

[Event "Philadelphia op 11th"]
[Site "Philadelphia"]
[Date "2017.04.15"]
[Round "6"]
[White "Ramya, Krishna Inapuri"]
[Black "Myers, Dominique"]
[Result "1-0"]
[WhiteElo "2157"]
[BlackElo "2059"]
[PlyCount "81"]
[EventDate "2017.04.12"]
[EventType "swiss"]
[EventRounds "9"]
[EventCountry "USA"]
[SourceTitle "EXT 2018"]
[Source "ChessBase"]
[SourceDate "2017.10.13"]
[SourceVersion "1"]
[SourceVersionDate "2017.10.13"]
[SourceQuality "1"]

1. g3 Nf6 2. Bg2 d5 3. Nf3 Nbd7 4. d4 g6 5. 0-0 Bg7 6. c4 c6 7. cxd5 cxd5 8. Nc3 e6 9. Bf4 0-0 10. Qb3 Nb8 11. Ne5 Nc6 12. Nxc6 bxc6 13. Na4 Nd7 14. Qe3 e5 15. dxe5 Re8 16. Rac1 Nxe5 17. Qc5 Bd7 18. b3 Re7 19. Rfd1 Qe8 20. h3 f5 21. Rxd5 cxd5 22. Qxd5+ Nf7 23. Qxa8 Rxe2 24. Qxe8+ Bxe8 25. Rc8 Bf8 26. Be3 Nd6 27. Ra8 Bf7 28. Nc3 Rc2 29. Nd5 Nc8 30. b4 Be6 31. a4 Ra2 32. Nf4 Kf7 33. Nxe6 Kxe6 34. Rxc8 Bxb4 35. Bc6 a5 36. Bb5 Rb2 37. Rc7 h6 38. Rc6+ Ke5 39. Rxg6 Bf8 40. Bxh6 Rb1+ 41. Kg2 1-0

[Event "World op 44th"]
[Site "Philadelphia"]
[Date "2016.07.03"]
[Round "6"]
[White "Ramya, Krishna Inapuri"]
[Black "Vibbert, Sean"]
[Result "0-1"]
[WhiteElo "2163"]
[BlackElo "2350"]
[PlyCount "94"]
[EventDate "2016.06.30"]
[EventType "swiss"]
[EventRounds "9"]
[EventCountry "USA"]
[SourceTitle "CBM 173 Extra"]
[Source "ChessBase"]
[SourceDate "2016.08.29"]
[SourceVersion "1"]
[SourceVersionDate "2016.08.29"]
[SourceQuality "1"]

1. d4 d5 2. c4 c6 3. cxd5 cxd5 4. Nf3 Nc6 5. Nc3 Nf6 6. Bf4 e6 7. Rc1 a6 8. Ne5 Bd7 9. Nxc6 Bxc6 10. Qb3 Qa5 11. Bd2 Qc7 12. e3 Bd6 13. h3 Qd7 14. Bd3 h5 15. Ne2 Qe7 16. a3 Qd7 17. Bb4 Bc7 18. Qc2 Ne4 19. Bxe4 dxe4 20. Qc5 a5 21. Bd2 Bd6 22. Qg5 f6 23. Qg6+ Kf8 24. f4 h4 25. f5 Rh6 26. fxe6 Rxg6 27. exd7 Rxg2 28. d8Q+ Rxd8 29. Bxa5 Ra8 30. Bd2 Bb5 31. Nc3 Bg3+ 32. Kd1 Bc4 33. Kc2 Bd3+ 34. Kd1 Rc8 35. Ra1 g5 36. a4 f5 37. a5 Kg7 38. d5 f4 39. Ra4 fxe3 40. Bxe3 Bc2+ 41. Kc1 Bxa4 42. Bxg5 Bf2 43. Bf4 e3 44. Kb1 Bd7 45. Be5+ Kh7 46. Ka2 Bg3 47. Bd4 e2 0-1

[Event "USA tt"]
[Site "ICC INT"]
[Date "2015.10.20"]
[Round "9"]
[White "Ramya, Krishna Inapuri"]
[Black "Swindell, Shawn"]
[Result "1-0"]
[WhiteElo "2131"]
[BlackElo "2003"]
[PlyCount "69"]
[EventDate "2015.08.25"]
[EventType "team-swiss"]
[EventRounds "10"]
[EventCountry "USA"]
[SourceTitle "EXT 2017"]
[Source "ChessBase"]
[SourceDate "2016.10.25"]
[SourceVersion "1"]
[SourceVersionDate "2016.10.25"]
[SourceQuality "1"]
[WhiteTeam "Arizona"]
[BlackTeam "St Louis"]
[WhiteTeamCountry "USA"]
[BlackTeamCountry "USA"]

1. g3 e5 2. Bg2 d5 3. d4 e4 4. c4 c6 5. Nc3 Bb4 6. Qb3 Bxc3+ 7. bxc3 Nf6 8. Ba3 dxc4 9. Qxc4 Be6 10. Qc5 Nbd7 11. Qg5 h6 12. Qd2 Nb6 13. Nh3 Nc4 14. Qc1 g5 15. Ng1 Bd5 16. e3 Nd7 17. Bf1 Qf6 18. Rb1 b6 19. Rb4 b5 20. Rb1 h5 21. h4 g4 22. Ne2 Ndb6 23. Nf4 Qf5 24. Be2 Rh6 25. 0-0 Na4 26. Bd1 Nab6 27. Ra1 Qd7 28. Bc5 a5 29. a4 Nxa4 30. Bxa4 bxa4 31. Rxa4 Rb8 32. Re1 f5 33. Ra1 Qf7 34. Rb1 Rh8 35. Rxb8+ 1-0

[Event "IND-ch U19 Girls 25th"]
[Site "Puri"]
[Date "2010.10.06"]
[Round "8"]
[White "Ramya, Krishna Inapuri"]
[Black "Hema, Priya N"]
[Result "1/2-1/2"]
[WhiteElo "2153"]
[BlackElo "1836"]
[PlyCount "139"]
[EventDate "2010.10.01"]
[EventType "tourn"]
[EventRounds "11"]
[EventCountry "IND"]
[SourceTitle "CBM 138 Extra"]
[Source "ChessBase"]
[SourceDate "2010.10.29"]
[SourceVersion "1"]
[SourceVersionDate "2010.10.29"]
[SourceQuality "1"]

1. f4 d5 2. g3 Nf6 3. Bg2 g6 4. Nf3 Bg7 5. 0-0 0-0 6. d3 Bf5 7. Nh4 Bd7 8. Nc3 e6 9. e4 dxe4 10. dxe4 Bc6 11. Qe2 Nfd7 12. Be3 Na6 13. Rad1 Qe7 14. e5 Bxg2 15. Qxg2 b6 16. Nb5 Qb4 17. Qe2 Qe7 18. Qc4 Ndc5 19. Nd4 Qe8 20. b3 Rb8 21. Nb5 Ra8 22. b4 Na4 23. Nxc7 Nxc7 24. Qxc7 Qb5 25. Qd7 Qxd7 26. Rxd7 Nc3 27. Bd2 Rfc8 28. Bxc3 Rxc3 29. Rf2 Bf8 30. Nf3 Bxb4 31. Kg2 Ra3 32. Ng5 Rf8 33. c4 h6 34. Ne4 Rc8 35. Rc2 Kf8 36. h4 Re3 37. Nd6 Bxd6 38. exd6 Rd3 39. Rxa7 Rxd6 40. Rb7 Rdc6 41. Rd2 R8c7 42. Rxc7 Rxc7 43. Rd4 Ra7 44. Rd2 Ra4 45. Rc2 Ke7 46. g4 Kd6 47. Kf3 Kc5 48. Ke4 b5 49. Ke5 bxc4 50. Kf6 Ra7 51. h5 gxh5 52. gxh5 Kd4 53. Kg7 Kd3 54. Rh2 c3 55. Kxh6 c2 56. Rh1 Kd2 57. Rh2+ Kc1 58. Kg7 Kb1 59. Rh1+ c1Q 60. Rxc1+ Kxc1 61. h6 Kb2 62. Kf6 Ra5 63. h7 Rh5 64. Kxf7 Rxh7+ 65. Kxe6 Kc3 66. f5 Ra7 67. f6 Rxa2 68. f7 Rf2 69. Ke7 Rxf7+ 70. Kxf7 1/2-1/2

[Event "IND-ch U19 Girls 25th"]
[Site "Puri"]
[Date "2010.10.05"]
[Round "7"]
[White "Bhakti, Kulkarni"]
[Black "Ramya, Krishna Inapuri"]
[Result "1-0"]
[WhiteElo "2294"]
[BlackElo "2153"]
[PlyCount "91"]
[EventDate "2010.10.01"]
[EventType "tourn"]
[EventRounds "11"]
[EventCountry "IND"]
[SourceTitle "CBM 138 Extra"]
[Source "ChessBase"]
[SourceDate "2010.10.29"]
[SourceVersion "1"]
[SourceVersionDate "2010.10.29"]
[SourceQuality "1"]

1. d4 f5 2. Nf3 g6 3. g3 Bg7 4. Bg2 Nf6 5. c3 e6 6. Qb3 Nc6 7. Bg5 h6 8. Bxf6 Qxf6 9. Nbd2 d6 10. e4 f4 11. 0-0-0 0-0 12. Rhe1 Qf7 13. gxf4 Qxf4 14. h4 a5 15. a4 Qf7 16. Bf1 Ne7 17. Bd3 Bd7 18. Rg1 Kh8 19. Rg3 e5 20. Qxf7 Rxf7 21. dxe5 dxe5 22. Nc4 Nc6 23. Be2 Be6 24. Rxg6 Rxf3 25. Bxf3 Bxc4 26. Rd7 Rg8 27. Rxc7 Ba6 28. Bg4 Bf8 29. Rxg8+ Kxg8 30. Be6+ Kh8 31. Bc8 Be7 32. h5 Bg5+ 33. Kc2 Nd8 34. b4 axb4 35. cxb4 Be2 36. Bxb7 Nxb7 37. Rxb7 Bxh5 38. Kd3 Bf3 39. a5 Bg2 40. b5 Bf1+ 41. Kc3 Bg2 42. a6 Bxe4 43. Rb8+ Kg7 44. b6 Bh4 45. b7 Bxf2 46. Ra8 1-0

[Event "IND-chB (Women) 34th"]
[Site "Hyderabad"]
[Date "2007.05.21"]
[Round "?"]
[White "Kanuri, Tejashwi"]
[Black "Ramya, Krishna Inapuri"]
[Result "1/2-1/2"]
[WhiteElo "2052"]
[BlackElo "2153"]
[PlyCount "86"]
[EventDate "2007.05.21"]
[EventType "swiss"]
[EventRounds "11"]
[EventCountry "IND"]
[SourceTitle "EXT 2010"]
[Source "ChessBase"]
[SourceDate "2010.11.25"]
[SourceVersion "1"]
[SourceVersionDate "2010.11.25"]
[SourceQuality "1"]

1. e4 e5 2. Nf3 Nc6 3. Bb5 a6 4. Ba4 Nf6 5. 0-0 Nxe4 6. d4 b5 7. Bb3 d5 8. dxe5 Be6 9. c3 Be7 10. Bc2 Nc5 11. h3 0-0 12. Nbd2 f6 13. Nd4 Qe8 14. f4 Bd7 15. Qe2 b4 16. N2f3 Nxd4 17. Nxd4 bxc3 18. bxc3 Bb5 19. Nxb5 Qxb5 20. Qh5 Ne4 21. Rf3 fxe5 22. Qxe5 Rae8 23. Kh2 Bf6 24. Qxc7 Re7 25. a4 Qe2 26. Qc6 Qxc2 27. Ba3 Qb3 28. Bxe7 Bxe7 29. Qxa6 Bd6 30. Raf1 Qb8 31. Qd3 Rxf4 32. Qxd5+ Kh8 33. Kg1 Qb6+ 34. Qd4 Bc5 35. Rxf4 Bxd4+ 36. cxd4 Qxd4+ 37. Kh2 h6 38. Re1 Qd6 39. Rexe4 g5 40. Rd4 Qb8 41. Rb4 Qd6 42. Rbd4 Qe5 43. Rde4 Qb8 1/2-1/2

[Event "IND-chB (Women) 34th"]
[Site "Hyderabad"]
[Date "2007.05.21"]
[Round "?"]
[White "Ramya, Krishna Inapuri"]
[Black "Chandika, Divyasree"]
[Result "0-1"]
[WhiteElo "2153"]
[BlackElo "1985"]
[PlyCount "64"]
[EventDate "2007.05.21"]
[EventType "swiss"]
[EventRounds "11"]
[EventCountry "IND"]
[SourceTitle "EXT 2010"]
[Source "ChessBase"]
[SourceDate "2010.11.25"]
[SourceVersion "1"]
[SourceVersionDate "2010.11.25"]
[SourceQuality "1"]

1. d4 Nf6 2. c4 e6 3. Nf3 b6 4. a3 Bb7 5. Nc3 d5 6. Bg5 Be7 7. e3 0-0 8. Rc1 c6 9. Bd3 Nbd7 10. 0-0 c5 11. Qe2 Rc8 12. Rfd1 h6 13. Bxf6 Bxf6 14. cxd5 exd5 15. Ba6 Qc7 16. dxc5 Bxa6 17. Qxa6 Nxc5 18. Qe2 Bxc3 19. Rxc3 Qd8 20. Rc2 Rc7 21. Qb5 Rd7 22. b4 Ne4 23. Ne5 Rd6 24. Qa6 d4 25. Nc4 Rd7 26. Ne5 Rd6 27. Nc4 Rd7 28. Qa4 b5 29. Qxb5 Nc3 30. Rxc3 dxc3 31. Rf1 Rd1 32. Ne5 c2 0-1

[Event "IND-ch (Women) 33rd"]
[Site "Chennai"]
[Date "2006.12.09"]
[Round "3"]
[White "Meenakshi, Subbaraman"]
[Black "Ramya, Krishna Inapuri"]
[Result "1-0"]
[WhiteElo "2347"]
[BlackElo "2175"]
[PlyCount "71"]
[EventDate "2006.12.07"]
[EventType "swiss"]
[EventRounds "11"]
[EventCountry "IND"]
[SourceTitle "EXT 2010"]
[Source "ChessBase"]
[SourceDate "2010.11.25"]
[SourceVersion "1"]
[SourceVersionDate "2010.11.25"]
[SourceQuality "1"]

1. d4 d5 2. c4 e6 3. Nc3 Nf6 4. cxd5 exd5 5. Bg5 c6 6. Qc2 Be7 7. e3 Nbd7 8. Bd3 0-0 9. Nf3 Re8 10. 0-0 Nf8 11. Rab1 a5 12. a3 Ne4 13. Bxe7 Qxe7 14. Bxe4 dxe4 15. Nd2 f5 16. b4 axb4 17. axb4 Be6 18. b5 c5 19. d5 Bf7 20. Nc4 Rad8 21. Rfd1 Ng6 22. Rd2 Nh4 23. Ne2 Bxd5 24. Rbd1 Bxc4 25. Qxc4+ Kh8 26. Nf4 Ng6 27. Nd5 Qf8 28. h3 Ne5 29. Qa2 Nd3 30. Nc7 Nb4 31. Nxe8 Rxe8 32. Qa7 Nd3 33. Qxb7 f4 34. exf4 Qxf4 35. Re2 Nb4 36. Rxe4 1-0

[Event "Wch U16 Girls"]
[Site "Batumi"]
[Date "2006.10.23"]
[Round "6"]
[White "Somova, Nadezda"]
[Black "Ramya, Krishna Inapuri"]
[Result "1/2-1/2"]
[WhiteElo "1900"]
[BlackElo "2175"]
[PlyCount "92"]
[EventDate "2006.10.19"]
[EventType "swiss"]
[EventRounds "13"]
[EventCountry "GEO"]
[SourceTitle "EXT 2007"]
[Source "ChessBase"]
[SourceDate "2006.11.23"]
[SourceVersion "1"]
[SourceVersionDate "2006.11.23"]
[SourceQuality "1"]

1. e4 e5 2. Nf3 Nc6 3. Bb5 a6 4. Bxc6 dxc6 5. Nc3 Bd6 6. d4 Bg4 7. dxe5 Bxf3 8. Qxf3 Bxe5 9. Bf4 Qe7 10. Bxe5 Qxe5 11. 0-0-0 Nf6 12. Qe3 0-0 13. f4 Qe6 14. Qf3 Rfd8 15. Rd3 Rxd3 16. Qxd3 b5 17. e5 Ng4 18. Qd4 Nh6 19. Rd1 Rf8 20. Qd7 Qc4 21. Qd4 Qe6 22. a3 a5 23. Ne4 Qa2 24. Nc5 Nf5 25. Qd3 b4 26. axb4 Qa1+ 27. Kd2 Qxb2 28. Qc3 Rd8+ 29. Nd3 Qxb4 30. Qxb4 axb4 31. g4 Ne7 32. Ke1 h5 33. Nxb4 Rxd1+ 34. Kxd1 hxg4 35. Ke2 f5 36. Ke3 Kf7 37. c4 Ke6 38. Kd4 Ng6 39. Nd3 Kd7 40. Ke3 Nh4 41. Ne1 Ke6 42. Nc2 c5 43. Ne1 g5 44. fxg5 Ng6 45. Nd3 Nxe5 46. Nxc5+ Kf7 1/2-1/2

[Event "IND-ch (Women) 32nd"]
[Site "Visakhapatnam"]
[Date "2006.04.14"]
[Round "14"]
[White "Ramya, Krishna Inapuri"]
[Black "Gomes, Mary Ann"]
[Result "0-1"]
[WhiteElo "2161"]
[BlackElo "2231"]
[PlyCount "98"]
[EventDate "2006.04.03"]
[EventType "tourn"]
[EventRounds "19"]
[EventCountry "IND"]
[SourceTitle "CBM 111 Extra"]
[Source "ChessBase"]
[SourceDate "2006.05.09"]
[SourceVersion "1"]
[SourceVersionDate "2006.05.09"]
[SourceQuality "1"]

1. d4 Nf6 2. c4 e6 3. Nf3 b6 4. a3 Bb7 5. Nc3 d5 6. Bg5 Be7 7. e3 0-0 8. Rc1 Nbd7 9. cxd5 exd5 10. Be2 h6 11. Bh4 Ne4 12. Bg3 Nxg3 13. hxg3 Nf6 14. Ne5 c5 15. Bf3 cxd4 16. exd4 Ne4 17. 0-0 Rc8 18. Bxe4 dxe4 19. Re1 Bg5 20. Rb1 f6 21. Ng6 Re8 22. Nf4 Bxf4 23. gxf4 Qd6 24. Qd2 f5 25. Rbd1 Bd5 26. Qe3 Red8 27. Rd2 a6 28. f3 exf3 29. Nxd5 Qxd5 30. Qe6+ Kh8 31. Qxd5 Rxd5 32. g3 Rc4 33. Red1 g5 34. Kf2 g4 35. Ke3 Kg7 36. Rd3 Rc8 37. R1d2 Re8+ 38. Kf2 Re4 39. Kf1 h5 40. Kf2 Kg6 41. Rc3 Rexd4 42. Rc6+ Kg7 43. Rxd4 Rxd4 44. Rxb6 Rd2+ 45. Kf1 h4 46. Rb7+ Kg6 47. Rb6+ Kh5 48. Rf6 hxg3 49. Rxf5+ Kh4 0-1

[Event "Asia-ch U16 Girls"]
[Site "Bishkek"]
[Date "2006.??.??"]
[Round "5"]
[White "Ramya, Krishna Inapuri"]
[Black "Rahimi, Tara"]
[Result "1-0"]
[WhiteElo "2169"]
[BlackElo "1896"]
[PlyCount "101"]
[EventDate "2006.09.02"]
[EventType "swiss"]
[EventRounds "9"]
[EventCountry "KGZ"]
[SourceTitle "EXT 2007"]
[Source "ChessBase"]
[SourceDate "2006.11.23"]
[SourceVersion "1"]
[SourceVersionDate "2006.11.23"]
[SourceQuality "1"]

1. d4 Nf6 2. c4 g6 3. Nc3 Bg7 4. e4 d6 5. f4 0-0 6. Nf3 Bg4 7. Be2 c5 8. d5 a6 9. 0-0 e6 10. a4 Qc7 11. Re1 Nbd7 12. dxe6 fxe6 13. h3 Bxf3 14. Bxf3 Rad8 15. Qe2 Kh8 16. g4 Ng8 17. h4 Ne7 18. Be3 Nc6 19. Bg2 Nd4 20. Qd3 Nf6 21. Bxd4 cxd4 22. Ne2 Nxg4 23. Bh3 Nh6 24. Bxe6 Qe7 25. Bh3 Qxh4 26. Rf1 g5 27. f5 g4 28. Bg2 Be5 29. Rf2 g3 30. Rf3 Ng4 31. Nxd4 Nf2 32. Qe3 Nxe4 33. Ne6 Nc5 34. Rd1 Nxe6 35. fxe6 Rxf3 36. Qxf3 Bg7 37. Rd5 Rf8 38. Rf5 Qd4+ 39. Kh1 Qh4+ 40. Kg1 Bd4+ 41. Kf1 Bf6 42. b3 Qh6 43. Qf4 Qg6 44. e7 Re8 45. Rxf6 Qb1+ 46. Ke2 Rxe7+ 47. Kf3 Qxb3+ 48. Kg4 Rg7+ 49. Kh3 Rg8 50. Rf8 Qd3 51. Qf6# 1-0

[Event "Wch U14 Girls"]
[Site "Belfort"]
[Date "2005.07.27"]
[Round "10"]
[White "Pon, Namasivayam Krithik"]
[Black "Ramya, Krishna Inapuri"]
[Result "0-1"]
[WhiteElo "2007"]
[BlackElo "2165"]
[PlyCount "220"]
[EventDate "2005.07.19"]
[EventType "swiss"]
[EventRounds "11"]
[EventCountry "FRA"]
[SourceTitle "CBM 107 Extra"]
[Source "ChessBase"]
[SourceDate "2005.09.01"]
[SourceVersion "1"]
[SourceVersionDate "2005.09.01"]
[SourceQuality "1"]

1. e4 e5 2. Nf3 Nc6 3. Bb5 a6 4. Ba4 Nf6 5. 0-0 Nxe4 6. d4 b5 7. Bb3 d5 8. dxe5 Be6 9. c3 Bc5 10. Nbd2 0-0 11. Bc2 Nxf2 12. Rxf2 f6 13. exf6 Bxf2+ 14. Kxf2 Qxf6 15. Kg1 Bg4 16. Nf1 Bxf3 17. Qxf3 Qxf3 18. gxf3 Rxf3 19. Bb3 Rd8 20. Bg5 Rd6 21. Rd1 Rf5 22. Be3 Na5 23. Ng3 Rf7 24. Bc5 Rd8 25. Bxd5 Kh8 26. Rd4 Rfd7 27. Bf3 Nc4 28. Bg4 Ne5 29. Bxd7 Nf3+ 30. Kf2 Nxd4 31. Bxd4 Rxd7 32. b4 Re7 33. Nf1 h5 34. Ne3 Kh7 35. Kf3 g5 36. h3 Kg6 37. a3 Rf7+ 38. Kg2 c6 39. Kg1 Rf4 40. Kg2 g4 41. hxg4 hxg4 42. Bc5 Re4 43. Kg3 Kh5 44. Ng2 Kg5 45. Be3+ Kf5 46. Nh4+ Ke6 47. Bd4 Re2 48. Kxg4 Ra2 49. Kf4 Rxa3 50. Ke4 a5 51. bxa5 Rxa5 52. Nf3 Ra4 53. Ng5+ Kd6 54. Kd3 Kd5 55. Ne4 Ra3 56. Nf6+ Ke6 57. Bc5 Ra4 58. Ne4 Rc4 59. Bd4 Kd5 60. Nf6+ Kd6 61. Ne4+ Ke7 62. Nc5 Kd6 63. Nb7+ Kd5 64. Na5 Ra4 65. Nb3 Ra3 66. Kc2 Ra2+ 67. Kd3 Rb2 68. Nd2 c5 69. c4+ bxc4+ 70. Nxc4 Rb4 71. Ne3+ Kc6 72. Bc3 Rh4 73. Bf6 Rh3 74. Ke2 Kb5 75. Kf2 c4 76. Nd5 Kc5 77. Nc3 Kb4 78. Ne4 Kb3 79. Kg2 Re3 80. Nd2+ Kb4 81. Nb1 Re6 82. Bd4 Rd6 83. Be5 Rd5 84. Bh8 Rd1 85. Nc3 Rd3 86. Ne2 Rd8 87. Bc3+ Kb3 88. Kf2 Rf8+ 89. Ke1 Re8 90. Bg7 Kc2 91. Kf2 Re7 92. Bh8 Kd2 93. Nc3 Rf7+ 94. Kg3 Rf8 95. Be5 Ke3 96. Kg4 Kd3 97. Nd1 Ke4 98. Bb2 Rg8+ 99. Kh5 Rg2 100. Bc3 Rg1 101. Nf2+ Kf5 102. Kh4 Rc1 103. Ba5 c3 104. Nd3 Rh1+ 105. Kg3 c2 106. Bb4 Rd1 107. Nf2 Rg1+ 108. Kh2 c1Q 109. Nd3 Rh1+ 110. Kg2 Qe3 0-1

[Event "Wch U14 Girls"]
[Site "Belfort"]
[Date "2005.07.20"]
[Round "2"]
[White "Ramya, Krishna Inapuri"]
[Black "Vince, Viola"]
[Result "1-0"]
[WhiteElo "2165"]
[BlackElo "1816"]
[PlyCount "63"]
[EventDate "2005.07.19"]
[EventType "swiss"]
[EventRounds "11"]
[EventCountry "FRA"]
[SourceTitle "CBM 107 Extra"]
[Source "ChessBase"]
[SourceDate "2005.09.01"]
[SourceVersion "1"]
[SourceVersionDate "2005.09.01"]
[SourceQuality "1"]

1. d4 d5 2. c4 e6 3. Nc3 c6 4. cxd5 exd5 5. Nf3 Nf6 6. Bg5 Be7 7. e3 Nbd7 8. Bd3 0-0 9. 0-0 Re8 10. Qc2 h6 11. Bf4 Nh5 12. Nxd5 Nxf4 13. Nxf4 Nf6 14. Bc4 Bd6 15. Ng6 Be6 16. Nge5 Rc8 17. Qb3 Qe7 18. Bxe6 fxe6 19. Nc4 Bb8 20. Rfe1 Rf8 21. Nce5 Rfe8 22. Rac1 c5 23. dxc5 Ne4 24. Nd3 Rf8 25. Qc4 Nf6 26. Nf4 Rfe8 27. Nd4 Bxf4 28. exf4 b6 29. Rxe6 Rxc5 30. Rxe7+ Rxc4 31. Rxe8+ Nxe8 32. Rxc4 1-0